Normal view
MARC view
- IMRAN,USAMA,AWAIS
Entry Personal Name
001 - CONTROL NUMBER
- control field: 72186
003 - CONTROL NUMBER IDENTIFIER
- control field: NUST
005 - DATE AND TIME OF LATEST TRANSACTION
- control field: 20210628204744.0
008 - FIXED-LENGTH DATA ELEMENTS
- fixed length control field: 210628|| aca||aabn | a|a d
040 ## - CATALOGING SOURCE
- Original cataloging agency: NUST
- Transcribing agency: NUST
100 ## - HEADING--PERSONAL NAME
- Personal name: IMRAN,USAMA,AWAIS
670 ## - SOURCE DATA FOUND
- Source citation: Work cat.: (NUST): IMRAN,USAMA,AWAIS, PR-SOF-1134-DESIGN AND ANALYSIS OF UAV ROTOR FAN-WING TECHNOLOGY, 2011
